| 000 | 00493nam a2200157Ia 4500 | ||
|---|---|---|---|
| 008 | 210716s2011 xx 000 0 und d | ||
| 020 | _a9789325977549 | ||
| 041 | _aeng | ||
| 082 | _a658.31245 PIEO | ||
| 100 | _aPierson, Orville. | ||
| 245 |
_aHighly effective networking: meet the right people and get a great job. _bMeet the right people and get a great job. |
||
| 250 | _a1 | ||
| 260 |
_aUSA _bVikas Publishing House Pvt Ltd _c2011 |
||
| 300 | _a255 | ||
| 650 | _aTraining & Development | ||
| 999 |
_c209037 _d209037 |
||